Full optimisation of imbalance techniques for Qur'anic data using genetic algorithm
Saved in:
| Main Author: | |
|---|---|
| Format: | Book |
| Tags: |
Add Tag
No Tags, Be the first to tag this record!
|
| LEADER | 00661nam a2200121 4500 | ||
|---|---|---|---|
| 040 | |a Lcc | ||
| 100 | |9 579085 |a Arkok, Bassam S. | ||
| 245 | |a Full optimisation of imbalance techniques for Qur'anic data using genetic algorithm | ||
| 264 | |a Gombak, Selangor |b Kulliyyah of Information and CommunicationTechnology, International Islamic University Malaysia |c 2022 | ||
| 942 | |2 lcc | ||
| 999 | |c 518636 |d 550053 | ||
| 952 | |0 0 |1 0 |2 lcc |4 0 |7 4 |8 IIUMTHESIS |9 1019803 |a IIUM |b IIUM |c THESIS |d 2023-08-18 |e MGIFT |l 0 |p 11100485681 |r 2023-08-18 |w 2023-08-18 |y THESIS | ||
| 952 | |0 0 |1 0 |2 lcc |4 0 |7 4 |8 THESISSOFTCOPY |9 1019805 |a IIUM |b IIUM |c THESIS |d 2023-08-18 |e MGIFT |l 0 |p 11100485682 |r 2023-08-18 |w 2023-08-18 |y THESISDIG | ||
